000 00981cam a2200253 a 4500
001 000006976
005 20200929154033.0
008 911003s1984 cu ah b 001 0bspa d
040 _aDO-SdBNP
_bspa
_cDLC
_dBNPHU
082 _a923.57291
_bB898P
100 1 _aPadrón Valdés, Abelardo,
_d1938-
_919392
245 1 3 _aEl general más joven, Juan Bruno Zayas /
_cAbelardo Padrón Valdés ; edición José Rodríguez Feo.
260 _aLa Habana, Cuba :
_bUnión de Escritores y Artistas de Cuba,
_c1984.
300 _a221 p. :
_bil., facsims. ;
_c23 cm.
500 _aTítulo de la columna vertebral: Juan Bruno Zayas.
500 _aIncluye los diarios y otros documentos.
504 _aIncluye referencias bibliográficas (p. 216-221).
600 1 4 _aZAYAS, JUAN BRUNO
_919393
651 4 _aCuba
_xHistoria
_yREVOLUCIÓN, 1895-1898.
_93989
700 1 _aRodríguez Feo, José
_eed.
_916879
740 0 _aJuan Bruno Zayas.
910 _aCatalogación por copia / LC
049 _aBNGR
999 _c6760
_d6760